=LDR 00000nam 2200000 4500 =001 NUTBA000000000003470 =005 20160906121111.0 =006 =007 =008 =020 ##$$a 978-979-29-3433-5 =035 ##$$0010-081400000000315 =040 ##$$a NBPDMAT =082 ##$$a 510.076 =090 ##$$a 510.076 $b Eka m =100 ##$$a Eka Master =245 ##$$a Mantap mengerjakan ujian nasional matematika SD/MI / $c oleh Eka Master =260 ##$$a Yogyakarta : $b Andi, $c 2012 =300 ##$$a 232 hlm. ; $c 14 cm. =500 ##$$a 978-979-29-3433-5 =650 ##$$a Matematika SD-Studi dan pengajaran =990 ##$$a 21405227